| 000 | 00763nam a2200241 i 4500 | ||
|---|---|---|---|
| 001 | 000027711 | ||
| 003 | DO-SdBNP | ||
| 005 | 20240226135628.0 | ||
| 007 | ta | ||
| 008 | 110404s1995 cu 000 0 spa d | ||
| 040 |
_aDO-SdBNP _bspa _cBNPHU _erda |
||
| 082 | 4 | _222 | |
| 100 | 1 |
_aKlinger Pevida, Eduardo _eautor _92240 |
|
| 245 | 1 | 0 |
_aCuba y la integración de América Latina y El Caribe : _bgénesis del pensamiento integrado / _cEduardo Klinger Pevida. |
| 264 |
_aSanto Domingo : _bPROMOLIBRO, _c1995. |
||
| 300 |
_a158 páginas ; _c22 cm. |
||
| 336 |
_2rdacontent _atexto _btxt |
||
| 337 |
_2rdamedia _asin mediación _bn |
||
| 338 |
_2rdacarrier _avolumen _bnc |
||
| 504 | _aBibliografía : p. 46-58 | ||
| 590 | _aInventariado, 2024/BT | ||
| 942 |
_2ddc _cLBS1 |
||
| 999 |
_c27203 _d27203 |
||